Measurement of karstic infiltration in the Aggtelek Karst

Elmentve itt :
Bibliográfiai részletek
Szerző: Zámbó László
Dokumentumtípus: Cikk
Megjelent: 1995
Sorozat:Acta Universitatis Szegediensis : acta geographica 34
Kulcsszavak:Földrajztudomány
Online Access:http://acta.bibl.u-szeged.hu/3311
LEADER 00644nab a2200181 i 4500
001 acta3311
005 20210603105916.0
008 161015s1995 hu o 0|| eng d
022 |a 0324-5268 
040 |a SZTE Egyetemi Kiadványok Repozitórium  |b hun 
041 |a eng 
100 1 |a Zámbó László 
245 1 0 |a Measurement of karstic infiltration in the Aggtelek Karst  |h [elektronikus dokumentum] /  |c  Zámbó László 
260 |c 1995 
300 |a 187-196 
490 0 |a Acta Universitatis Szegediensis : acta geographica  |v 34 
695 |a Földrajztudomány 
856 4 0 |u http://acta.bibl.u-szeged.hu/3311/1/geographica_034_187-196.pdf  |z Dokumentum-elérés